[Event "Cracovia Open A"]
[Site "Krakow POL"]
[Date "2012.01.02"]
[Round "7.21"]
[White "Szuper,P"]
[Black "Polajzer,D"]
[Result "0-1"]
[WhiteElo "2192"]
[BlackElo "2301"]

1.d4 d5 2.c4 c6 3.Nc3 Nf6 4.e3 e6 5.Nf3 Nbd7 6.Qc2 Bd6 7.Bd3 O-O 8.O-O dxc4
9.Bxc4 Qe7 10.Ne2 e5 11.Ng3 Bc7 12.Bb3 e4 13.Ng5 Bxg3 14.fxg3 Nb6 15.Bd2 h6
16.Nh3 Be6 17.Bxe6 Qxe6 18.Nf4 Qc4 19.Qd1 Nbd5 20.b3 Qd3 21.Qc2 Rfe8 22.Qc4  0-1

[Event "5th Costa Viola Open A"]
[Site "Palmi ITA"]
[Date "2012.01.02"]
[Round "1"]
[White "Pisacane,P"]
[Black "Lazic,Mir"]
[Result "0-1"]
[WhiteElo "2004"]
[BlackElo "2470"]

1.d4 d5 2.c4 c6 3.Nf3 Nf6 4.Nc3 e6 5.e3 Nbd7 6.Bd3 Bd6 7.e4 dxe4 8.Nxe4 Nxe4
9.Bxe4 e5 10.O-O exd4 11.Qxd4 Qf6 12.Re1 O-O 13.Bd2 Qxd4 14.Nxd4 Nc5 15.Bc2 Ne6
16.Nxe6 Bxe6 17.b3 Ba3 18.Be4 a5 19.Bc3 Bb4 20.Bxb4 axb4 21.Red1 f5 22.Bd3 Rfd8
23.Rd2 Rd4 24.Rad1 Rad8 25.Kf1 Kf7 26.Ke2 Kf6 27.Bc2 Rxd2+ 28.Rxd2 Rxd2+
29.Kxd2 Ke5 30.g3 g5 31.f3 Bf7 32.Bd1 f4 33.Bc2 h5 34.Be4 fxg3 35.hxg3 Kd4
36.Bf5 h4 37.gxh4 gxh4 38.Bc8 Bh5 39.f4 Bf3 40.Bf5 Bg2  0-1

[Event "Hastings Masters 2011-12"]
[Site "Hastings ENG"]
[Date "2012.01.03"]
[Round "7.11"]
[White "Flear,G"]
[Black "Longson,A"]
[Result "1-0"]
[WhiteElo "2472"]
[BlackElo "2281"]

1.d4 d5 2.c4 e6 3.Nc3 c6 4.e3 Nf6 5.Nf3 Nbd7 6.Bd3 dxc4 7.Bxc4 b5 8.Bb3 b4
9.Ne2 Bb7 10.O-O Bd6 11.Nf4 O-O 12.Ng5 Bxf4 13.exf4 c5 14.Be3 h6 15.Nxf7 Kxf7
16.f5 c4 17.fxe6+ Kxe6 18.Bxc4+ Bd5 19.Bxd5+ Nxd5 20.Qg4+ Kf7 21.Qh5+ Ke6
22.Rfe1 Kd6 23.Rac1 Qf6 24.Qe2 N7b6 25.Rc5 Rac8 26.Rec1 Rc7 27.h3 Rfc8 28.Qd3 g5
29.Bd2 a5 30.Be3 h5 31.Qa6 Ke7 32.Qxa5 Rxc5 33.Rxc5 Rxc5 34.Qxc5+ Kf7 35.Bd2 Qf5
36.Bxb4 Qb1+ 37.Kh2 Qxb2 38.Qf8+ Kg6 39.Qe8+ Kf6 40.Bd6 g4 41.Be5+ Kf5 42.Qf7+ Kg5
43.h4+ Kxh4 44.Qe7+ Nxe7 45.Bf6+  1-0

[Event "Cracovia Open A"]
[Site "Krakow POL"]
[Date "2012.01.03"]
[Round "8.13"]
[White "Coursaget,N"]
[Black "Valli,F"]
[Result "1/2-1/2"]
[WhiteElo "2309"]
[BlackElo "2257"]

1.d4 d5 2.Nf3 Nf6 3.c4 c6 4.Nc3 e6 5.e3 Nbd7 6.Qc2 Bd6 7.Bd2 O-O 8.O-O-O b5
9.cxb5 c5 10.e4 Bb7 11.exd5 exd5 12.Kb1 Ne4 13.Nxe4 dxe4 14.Ng5 cxd4 15.Nxe4 Rc8
16.Qd3 Be5 17.Be2 Bd5 18.f4 f5 19.Ng5 Qxg5 20.fxg5 Be4 21.Bb4 Nc5 22.Bxc5 Rxc5
23.a4 g6 24.Bf3 Bxd3+ 25.Rxd3 Rd8 26.h4 Bf4 27.Rhd1 Kf7 28.Rxd4 Rc1+ 29.Rxc1 Rxd4
30.Rc4 Rxc4 31.Bd5+ Ke7 32.Bxc4 Bg3 33.h5 gxh5 34.Bd3 Bf4 35.Bxf5 Bxg5 36.Bxh7 h4
37.Kc2 Kd6 38.Kd3 Kc7 39.Ke4 Bd2 40.Kd5 Kb6 41.Kc4 Ka5 42.b3 Be1  1/2-1/2

[Event "5th Costa Viola Open A"]
[Site "Palmi ITA"]
[Date "2012.01.03"]
[Round "3"]
[White "Epishin,V"]
[Black "Pierandrei,C"]
[Result "1-0"]
[WhiteElo "2561"]
[BlackElo "1960"]

1.d4 d5 2.c4 c6 3.Nc3 Nf6 4.e3 e6 5.Nf3 Nbd7 6.Be2 Bd6 7.O-O O-O 8.a4 Ne4
9.a5 f5 10.a6 b6 11.Qa4 Nxc3 12.bxc3 Qc7 13.Ba3 c5 14.cxd5 exd5 15.c4 dxc4
16.Rac1 Nf6 17.dxc5 bxc5 18.Qxc4+ Kh8 19.Bxc5 Ne4 20.Bxd6 Qxd6 21.Qd4 Qe7
22.Qe5 Be6 23.Nd4 Rfe8 24.Rc7 Qf6 25.Qxf6 Nxf6 26.Bb5 Nd5 27.Rb7 Bc8 28.Bxe8 Bxb7
29.axb7 Rxe8 30.Nc6 Nb6 31.b8=Q Rxb8 32.Nxb8  1-0

[Event "24th Staufer-Open"]
[Site "Schwaebisch Gmuend GER"]
[Date "2012.01.03"]
[Round "4"]
[White "Gheng,J"]
[Black "Korneev,O"]
[Result "1/2-1/2"]
[WhiteElo "2349"]
[BlackElo "2584"]

1.d4 Nf6 2.c4 e6 3.Nf3 d5 4.Nc3 c6 5.e3 Nbd7 6.a3 Bd6 7.Bd3 O-O 8.Bd2 dxc4
9.Bxc4 e5 10.Qc2 exd4 11.Nxd4 Ne5 12.Be2 Re8 13.h3 a6 14.O-O Bb8 15.Rad1 Qc7
16.f4 Ng6 17.b4 Ba7 18.Bc1 Qe7 19.Bc4 Bd7 20.Kh2 Rad8 21.Qa2 Bc8 22.Nf3 Rxd1
23.Rxd1 Qc7 24.Ng5 Nh8 25.e4 h6 26.Nf3 Nxe4 27.Nxe4 Rxe4 28.Ne5 Rd4 29.Re1 Rd8
30.Qc2 Bd4 31.Nf3 Bf6 32.Be3 Be6 33.Bd3 Ng6 34.Bxg6 fxg6 35.Qxg6 Bd5 36.Qg3 Bxf3
37.Qxf3 Rd3 38.Qe4 Qd7 39.Qg6 Rd1 40.Rxd1 Qxd1 41.Qe8+ Kh7 42.Qe4+ Kh8  1/2-1/2

[Event "24th Staufer-Open"]
[Site "Schwaebisch Gmuend GER"]
[Date "2012.01.03"]
[Round "4"]
[White "Reuss,A"]
[Black "Gritsch,C"]
[Result "1-0"]
[WhiteElo "2301"]
[BlackElo "2134"]

1.d4 d5 2.Nf3 Nf6 3.c4 c6 4.Nc3 e6 5.e3 Nbd7 6.Bd3 dxc4 7.Bxc4 b5 8.Bd3 Bb7
9.O-O a6 10.e4 c5 11.e5 Nd5 12.Qe2 cxd4 13.Nxd5 Bxd5 14.a4 Bc5 15.axb5 axb5
16.Rxa8 Qxa8 17.Bxb5 h6 18.b4 Be7 19.Bb2 Qb7 20.Bxd4 O-O 21.Rb1 Rb8 22.Ba6 Bxf3
23.gxf3 Qd5 24.Bc3 Nb6 25.Bd3 Qc6 26.Bd2 Nd5 27.b5 Qc7 28.Qe4 g6 29.Qd4 Rd8
30.Bxh6 Qc8 31.Rc1 Qb8 32.Qe4 Nb4 33.Bc4 Nd5 34.h4 Bf8 35.Bg5 Rd7 36.h5 gxh5
37.Bd3 f5 38.exf6 Qd6 39.Qg6+ Kh8 40.Qxh5+ Kg8 41.Qg6+  1-0

[Event "4th Chennai Open"]
[Site "Chennai IND"]
[Date "2012.01.04"]
[Round "2"]
[White "Sethuraman,S"]
[Black "Sidhant,M"]
[Result "1-0"]
[WhiteElo "2529"]
[BlackElo "2168"]

1.d4 d5 2.c4 c6 3.Nc3 Nf6 4.e3 e6 5.Nf3 Nbd7 6.Qc2 Bd6 7.Bd3 O-O 8.O-O a6
9.e4 dxc4 10.Bxc4 e5 11.Rd1 exd4 12.Nxd4 Qc7 13.g3 Ne5 14.Be2 Bc5 15.Kg2 Bxd4
16.Rxd4 Qb6 17.Rd1 Nfg4 18.Rf1 Kh8 19.f4 Ng6 20.Bxg4 Bxg4 21.f5 Ne5 22.h3 Bf3+
23.Rxf3 Nxf3 24.Kxf3 Qg1 25.Qg2 Qe1 26.Rb1  1-0

[Event "Northern California International"]
[Site "Fremont USA"]
[Date "2012.01.04"]
[Round "4"]
[White "Coleman,T"]
[Black "Ramirez,Alej"]
[Result "0-1"]
[WhiteElo "2356"]
[BlackElo "2594"]

1.d4 d5 2.c4 c6 3.Nc3 Nf6 4.e3 e6 5.Nf3 a6 6.Qc2 c5 7.cxd5 exd5 8.Be2 Be6
9.O-O Nc6 10.Ne5 Rc8 11.Bf3 Bd6 12.Nxc6 Rxc6 13.dxc5 Rxc5 14.Rd1 O-O 15.Qd3 Ng4
16.Bxg4 Bxg4 17.Ne2 Qg5 18.Re1 Rfc8 19.Nd4 Qh4 20.h3 Bxh3 21.gxh3 Qxh3 22.Qf5 Qh2+
23.Kf1 Rxc1 24.Raxc1 Rxc1 25.Rxc1 Qh1+ 26.Ke2 Qxc1 27.Qxd5 Qxb2+ 28.Kf1 Qb6
29.Kg1 g6 30.f4 Bc5 31.f5 Qd6  0-1

[Event "5th Costa Viola Open A"]
[Site "Palmi ITA"]
[Date "2012.01.04"]
[Round "5"]
[White "Pisacane,P"]
[Black "Rotunno,Giuseppe"]
[Result "0-1"]
[WhiteElo "2004"]
[BlackElo "2026"]

1.d4 d5 2.c4 c6 3.Nf3 Nf6 4.Nc3 e6 5.e3 Be7 6.Bd3 dxc4 7.Bxc4 b5 8.Bd3 Bb7
9.O-O O-O 10.e4 b4 11.Ne2 Nbd7 12.e5 Nd5 13.Ng3 c5 14.Re1 cxd4 15.Nxd4 Nc5
16.Bc2 Qb6 17.Nb3 Rfd8 18.Qe2 Rac8 19.Nxc5 Bxc5 20.Bd3 Bd4 21.Rd1 g6 22.h4 Rxc1
23.Raxc1 Nf4 24.Qc2 Bxg2 25.Qd2 Bxf2+ 26.Kh2 Bxg3+ 27.Kxg3 Rxd3+ 28.Qxd3 Nxd3
29.Rxd3 Be4 30.Rb3 Qd4 31.Rf1 Qxe5+ 32.Rf4 h6 33.Kg4 f5+  0-1

[Event "Northern California International"]
[Site "Fremont USA"]
[Date "2012.01.05"]
[Round "5"]
[White "Lobo,Ri1"]
[Black "Inumerable,F"]
[Result "1-0"]
[WhiteElo "2251"]
[BlackElo "2154"]

1.c4 Nf6 2.d4 c6 3.Nc3 d5 4.e3 e6 5.Nf3 Nbd7 6.Qc2 Bd6 7.b3 O-O 8.Be2 e5
9.cxd5 Nxd5 10.Bb2 Nb4 11.Qb1 exd4 12.Nxd4 Nf6 13.O-O Bg4 14.Nf5 Be5 15.Bxg4 Nxg4
16.f4 Bf6 17.h3 g6 18.hxg4 gxf5 19.g5 Bg7 20.Ne2 Qd2 21.Bxg7 Qxe3+ 22.Kh2 Kxg7
23.Ng3 Qe6 24.Qb2+ Kg6 25.Rae1 Qd6 26.Qe2 Nd5 27.Qh5+  1-0

[Event "15th Guben Neujahrsopen"]
[Site "Guben GER"]
[Date "2012.01.05"]
[Round "7.1"]
[White "Sumets,A"]
[Black "Wichmann,C"]
[Result "1-0"]
[WhiteElo "2569"]
[BlackElo "2350"]

1.d4 d5 2.Nf3 c6 3.c4 Nf6 4.Nc3 e6 5.e3 Bd6 6.Bd3 Nbd7 7.O-O O-O 8.e4 dxc4
9.Bxc4 e5 10.Be3 Qc7 11.Rc1 Ng4 12.Nb5 Qb8 13.Nxd6 Nxe3 14.fxe3 Qxd6 15.Ng5 Nf6
16.Nxf7  1-0

[Event "5th Costa Viola Open A"]
[Site "Palmi ITA"]
[Date "2012.01.05"]
[Round "7"]
[White "Drasko,M"]
[Black "Lazic,Mir"]
[Result "1-0"]
[WhiteElo "2459"]
[BlackElo "2470"]

1.d4 d5 2.c4 c6 3.e3 Nf6 4.Nc3 e6 5.Nf3 Nbd7 6.Qc2 Bd6 7.b3 O-O 8.Be2 Qe7
9.O-O dxc4 10.bxc4 e5 11.Rd1 Re8 12.a4 e4 13.Nd2 Nf8 14.Qa2 Qc7 15.h3 Bb4
16.Qc2 Bf5 17.Ba3 Bxc3 18.Qxc3 Rad8 19.Rab1 Ne6 20.Qb3 b6 21.Nf1 Bg6 22.Ng3 h5
23.a5 bxa5 24.d5 h4 25.Nf1 Ng5 26.Qa4 cxd5 27.cxd5 Qc8 28.d6 Re5 29.Rb5 Rxb5
30.Bxb5 Nxh3+ 31.gxh3 Qxh3 32.Be2 Nh7 33.Qxa5  1-0

[Event "XLI Rilton Cup 2011-12"]
[Site "Stockholm SWE"]
[Date "2012.01.05"]
[Round "9"]
[White "Gajewski,G"]
[Black "Bellon Lopez,JuM"]
[Result "1-0"]
[WhiteElo "2616"]
[BlackElo "2419"]

1.d4 d5 2.c4 c6 3.Nc3 Nf6 4.e3 e6 5.Nf3 a6 6.a3 b5 7.c5 Nbd7 8.b4 Qc7 9.a4 Rb8
10.axb5 axb5 11.Bb2 g6 12.Nd2 e5 13.dxe5 Nxe5 14.f4 Neg4 15.Qf3 Qe7 16.Nd1 h5
17.h3 Bf5 18.Ra6 Bc2 19.Bd4 Qe6 20.hxg4 hxg4 21.Qg3 Rxh1 22.f5 Bd6 23.cxd6 Qxf5
24.Bxf6 Kd7 25.Ra7+ Ke6 26.Bd4 Re8 27.d7 Rd8 28.Qc7 Bd3 29.Qxc6+  1-0

[Event "2nd Mantova Open A 2012"]
[Site "Mantova ITA"]
[Date "2012.01.06"]
[Round "7"]
[White "Sbarra,M"]
[Black "Capaliku,A"]
[Result "1/2-1/2"]
[WhiteElo "2288"]
[BlackElo "2099"]

1.d4 d5 2.c4 c6 3.Nc3 e6 4.Nf3 Nf6 5.e3 Bd6 6.Qc2 O-O 7.Be2 Nbd7 8.O-O dxc4
9.Bxc4 e5 10.h3 h6 11.Rd1 exd4 12.Nxd4 Ne5 13.Be2 Qe7 14.b3 Rd8 15.Bb2 Ng6
16.Nf5 Bxf5 17.Qxf5 Qe5 18.Qxe5 Bxe5 19.f4 Bc7 20.Na4 Nd5 21.Kf2 b6 22.Bf3 Nge7
23.a3 Rac8 24.g3 f5 25.g4 g6 26.gxf5 gxf5 27.Rac1 Kf7 28.b4 Nf6 29.Rxd8 Bxd8
30.Nc3 c5 31.Nb5 Ke6 32.Nxa7 Rc7 33.Nb5 Rc8 34.Rd1 Nfd5 35.Nc3 cxb4 36.Bxd5+ Nxd5
37.Nxd5 Rc2+ 38.Kf3 Rxb2 39.axb4 Bh4 40.Nc7+ Ke7 41.Nd5+ Ke6 42.Nc7+ Ke7
43.Nd5+  1/2-1/2

[Event "5th Costa Viola Open A"]
[Site "Palmi ITA"]
[Date "2012.01.06"]
[Round "9"]
[White "Pisacane,P"]
[Black "Pierandrei,Danilo"]
[Result "1-0"]
[WhiteElo "2004"]
[BlackElo "1888"]

1.d4 d5 2.c4 e6 3.Nf3 Nf6 4.Nc3 c6 5.e3 Nbd7 6.Bd3 dxc4 7.Bxc4 b5 8.Bd3 b4
9.Na4 Bd6 10.e4 e5 11.O-O O-O 12.Qc2 Qc7 13.h3 a5 14.Be3 Ba6 15.Bxa6 Rxa6
16.dxe5 Bxe5 17.Nxe5 Qxe5 18.Rad1 c5 19.g4 Qc7 20.g5 Nh5 21.Qd3 Ra7 22.Qd6 Re8
23.Nxc5 Nxc5 24.Bxc5 Qxd6 25.Rxd6 Rc7 26.Be3 f6 27.gxf6 Nxf6 28.f3 Rc2 29.Rd2 Rc6
30.Rfd1 Kf7 31.Kf2 g6 32.Rd6 Rxd6 33.Rxd6 Ke7 34.Ra6 Rc8 35.Bg5 Rf8 36.Rxf6 Rxf6
37.e5  1-0

[Event "Northern California International"]
[Site "Fremont USA"]
[Date "2012.01.08"]
[Round "9"]
[White "Haessel,D"]
[Black "Helfst,Matt D"]
[Result "1-0"]
[WhiteElo "2190"]
[BlackElo "1943"]

1.d4 d5 2.Nf3 Nf6 3.c4 e6 4.Nc3 c6 5.e3 Nbd7 6.Bd3 a6 7.O-O dxc4 8.Bxc4 b5
9.Bd3 c5 10.a4 b4 11.Ne4 Bb7 12.Nxf6+ Nxf6 13.dxc5 Bxc5 14.Qe2 O-O 15.e4 Re8
16.e5 Bxf3 17.Qxf3 Nd7 18.Bf4 Qb6 19.Rfd1 Bd4 20.Bxh7+ Kf8 21.Rd2 Nxe5 22.Qe4 Ng4
23.Qxd4 Qxd4 24.Rxd4 e5 25.Bd2 exd4 26.Bxb4+ Re7 27.Re1 Re8 28.Bd3 a5 29.Ba3 Nf6
30.Bb5 Nd5 31.Bxe8  1-0

[Event "2nd Mantova Open A 2012"]
[Site "Mantova ITA"]
[Date "2012.01.08"]
[Round "9"]
[White "Naumkin,I"]
[Black "Dvirnyy,D"]
[Result "1/2-1/2"]
[WhiteElo "2443"]
[BlackElo "2492"]

1.d4 d5 2.c4 c6 3.Nf3 Nf6 4.Nc3 e6 5.e3 Nbd7 6.Qc2 Bd6 7.Bd3 O-O 8.O-O dxc4
9.Bxc4 b5 10.Be2 Bb7 11.Rd1 Qb8 12.h3 b4 13.Ne4 Nxe4 14.Qxe4 c5 15.Qh4 Qd8
16.dxc5 Bxf3 17.Qxd8 Raxd8 18.gxf3 Nxc5 19.Bd2 a5  1/2-1/2

[Event "37th Seville Open"]
[Site "Seville ESP"]
[Date "2012.01.10"]
[Round "4"]
[White "Malakhatko,V"]
[Black "Delgado Serrano,A"]
[Result "1-0"]
[WhiteElo "2524"]
[BlackElo "2162"]

1.c4 e6 2.d4 Nf6 3.Nf3 d5 4.Nc3 c6 5.e3 Nbd7 6.Bd3 dxc4 7.Bxc4 b5 8.Bd3 a6
9.a4 b4 10.Ne4 c5 11.Nxf6+ Nxf6 12.dxc5 Bxc5 13.e4 Bb7 14.Qe2 Qc7 15.O-O O-O
16.Bg5 Nd7 17.Rac1 Rfc8 18.Rfd1 h6 19.Bd2 Qb6 20.Bf4 Nf6 21.Ne5 b3 22.Nc4 Qb4
23.Ra1 Ba7 24.Bd6 Bc5 25.Be5 Bxf2+ 26.Kxf2 Bxe4 27.Bxf6 Bxd3 28.Rxd3 Rxc4
29.Bc3 Qc5+ 30.Qe3 Qc6 31.a5 Rc8 32.Kg1 Re4 33.Qf2 Qb5 34.Rad1 Rcc4 35.Rg3 Rg4
36.Rxg4 Rxg4 37.Rd8+ Kh7 38.Qxf7 Qc5+ 39.Kh1  1-0

[Event "Andranik Margaryan Memorial 2012"]
[Site "Yerevan ARM"]
[Date "2012.01.10"]
[Round "3"]
[White "Vardanyan,H"]
[Black "Sveshnikov,E"]
[Result "1/2-1/2"]
[WhiteElo "1948"]
[BlackElo "2513"]

1.d4 d5 2.c4 e6 3.Nf3 Nf6 4.Nc3 c6 5.e3 Nbd7 6.Qc2 b6 7.Bd3 Bb7 8.O-O Be7
9.Rd1 O-O 10.e4 dxe4 11.Nxe4 Nxe4 12.Bxe4 Nf6 13.Bd3 Qc7 14.c5 bxc5 15.dxc5 a5
16.Bg5 Ba6 17.Bxa6 Rxa6 18.Bxf6 Bxf6 19.Nd2 Raa8 20.Ne4 Be7 21.Nd6 Rfd8 22.Qd3 Rd7
23.Rd2 Rad8 24.Rad1 Bg5 25.g3 Bxd2 26.Rxd2 Qa7 27.Qc3 Qc7 28.Rd4 h6 29.Rg4 f5
30.Ra4 Rxd6 31.cxd6 Rxd6 32.Rxa5 Qd7 33.Rc5 Rd3 34.Qc4 Rd4 35.Qa6 Rd2 36.Qxc6 Qxc6
37.Rxc6 Rxb2 38.Rxe6 Rxa2  1/2-1/2

[Event "72nd ch-ARM"]
[Site "Yerevan ARM"]
[Date "2012.01.12"]
[Round "2"]
[White "Melkumyan,H"]
[Black "Hovhannisyan,R"]
[Result "1-0"]
[WhiteElo "2620"]
[BlackElo "2589"]

1.d4 d5 2.c4 c6 3.Nc3 Nf6 4.e3 e6 5.Nf3 Nbd7 6.Bd3 dxc4 7.Bxc4 b5 8.Be2 Bb7
9.O-O Be7 10.a3 a5 11.Qc2 O-O 12.Rd1 Qb8 13.e4 b4 14.Na4 c5 15.e5 Be4 16.Bd3 Bxf3
17.gxf3 b3 18.Qb1 Nd5 19.Bxh7+ Kh8 20.Be4 cxd4 21.f4 f5 22.Bxd5 exd5 23.Rxd4 Nc5
24.Nxc5 Bxc5 25.Rd3 Ra6 26.Rh3+ Rh6 27.Qd3 a4 28.Bd2 Qb6 29.Rf1 Rxh3 30.Qxh3+ Kg8
31.Qf3 Bd4 32.Qxd5+ Kh7 33.e6 Bxb2 34.Bb4 Rf6 35.e7 Qb8 36.Re1 Qe8 37.h3 Rg6+
38.Kh2 Bf6 39.Qxf5 Kh6 40.Qe4 b2 41.f5 Bxe7 42.Bxe7  1-0

[Event "Andranik Margaryan Memorial 2012"]
[Site "Yerevan ARM"]
[Date "2012.01.12"]
[Round "6"]
[White "Bagaturov,G"]
[Black "Baghdasaryan,V"]
[Result "1-0"]
[WhiteElo "2449"]
[BlackElo "2393"]

1.d4 d5 2.c4 c6 3.Nf3 Nf6 4.Nc3 e6 5.e3 Nbd7 6.Bd3 Bd6 7.e4 dxe4 8.Nxe4 Nxe4
9.Bxe4 e5 10.O-O exd4 11.Qxd4 Qf6 12.Rd1 Be7 13.Bc2 Nc5 14.Be3 Qxd4 15.Nxd4 g6
16.b4 Ne6 17.b5 Nxd4 18.Bxd4 O-O 19.bxc6 bxc6 20.Be4 Bg4 21.f3 Bd7 22.Bf2 Be8
23.f4 f5 24.Bf3 Bf6 25.Rab1 Bf7 26.Rb7  1-0

[Event "50th TCh-DEN XtraCon 2011-12"]
[Site "Denmark DEN"]
[Date "2012.01.14"]
[Round "4.4"]
[White "Pedersen,Stef"]
[Black "Hove,E"]
[Result "1-0"]
[WhiteElo "2431"]
[BlackElo "2265"]

1.d4 d5 2.c4 c6 3.Nc3 Nf6 4.e3 e6 5.Nf3 Nbd7 6.Qc2 Be7 7.b3 b6 8.Be2 Bb7
9.O-O O-O 10.Bb2 Rc8 11.Rad1 Qc7 12.Ne5 Nxe5 13.dxe5 Nd7 14.f4 Rfd8 15.Qb1 Nf8
16.Bd3 f6 17.cxd5 cxd5 18.Nb5 Qb8 19.exf6 gxf6 20.Rf3 Kf7 21.Bxh7 Ba6 22.Nd4 Bc5
23.Nxe6 Kxe6 24.Qf5+ Ke7 25.Bxf6+ Ke8 26.Qh5+ Kd7 27.Qxd5+ Ke8 28.Qh5+  1-0

[Event "50th TCh-DEN XtraCon 2011-12"]
[Site "Denmark DEN"]
[Date "2012.01.14"]
[Round "4.2"]
[White "Schandorff,L"]
[Black "Kristensen,Kaa"]
[Result "1-0"]
[WhiteElo "2494"]
[BlackElo "2296"]

1.d4 d5 2.c4 c6 3.Nc3 Nf6 4.e3 e6 5.Nf3 Nbd7 6.Bd3 dxc4 7.Bxc4 b5 8.Bd3 a6
9.e4 c5 10.d5 c4 11.Bc2 Qc7 12.O-O Bc5 13.b3 cxb3 14.Bxb3 Bb4 15.Ne2 e5 16.Bb2 Bd6
17.Rc1 Qb8 18.Ng3 O-O 19.Rc6 Bb7 20.Nf5 Bc7 21.Qc1 Bd8 22.Ba3 Nxe4 23.Bxf8 Kxf8
24.Re1 Nef6 25.Ng5 a5 26.a3 h6 27.Nxh6 gxh6 28.Nxf7 Kxf7 29.Qxh6 Bxc6 30.dxc6+ Ke7
31.Rd1 Bb6 32.Rxd7+  1-0

[Event "50th TCh-DEN XtraCon 2011-12"]
[Site "Denmark DEN"]
[Date "2012.01.14"]
[Round "4.7"]
[White "Naes,F"]
[Black "Holmsgaard,H"]
[Result "1-0"]
[WhiteElo "2260"]
[BlackElo "2320"]

1.d4 d5 2.c4 c6 3.Nf3 Nf6 4.e3 e6 5.Nc3 Nbd7 6.Bd3 dxc4 7.Bxc4 b5 8.Bd3 Bd6
9.O-O O-O 10.e4 e5 11.Bg5 Re8 12.d5 cxd5 13.Bxb5 d4 14.Nd5 Be7 15.Bxf6 Bxf6
16.Rc1 Rf8 17.Qe2 Nb6 18.Nc7 Rb8 19.Na6 Bxa6 20.Bxa6 Na4 21.Bb5 Qa5 22.Bxa4 Qxa4
23.b3 Qa3 24.Rc2 Rfc8 25.Qd2 Rxc2 26.Qxc2 Rd8 27.Rd1 Qa5 28.g3 Be7 29.Ne1 Bb4
30.Nd3 h6 31.Qc4 Bc3 32.b4 Qa4 33.Rb1 Qc2 34.Rc1 Qd2 35.Rf1 Re8 36.Qb5 Re7
37.Nxe5 Qxa2 38.Qc5 Qe6 39.Nc6 Rd7 40.Nxa7 Kh7 41.b5 Qxe4 42.b6 f5 43.Nb5 Qe6
44.Nc7 Qe4 45.b7 Rd8 46.Qb5 Rb8 47.Rb1 Be1 48.Na6 d3 49.Qb6 Bxf2+ 50.Qxf2 d2
51.Rf1 Rxb7 52.Nc5  1-0

[Event "37th Seville Open"]
[Site "Seville ESP"]
[Date "2012.01.14"]
[Round "8"]
[White "Pogorelov,R"]
[Black "Urbina Perez,J"]
[Result "1-0"]
[WhiteElo "2415"]
[BlackElo "2210"]

1.Nf3 Nf6 2.c4 e6 3.Nc3 d5 4.d4 c6 5.e3 Nbd7 6.Qc2 b6 7.Bd3 Bb7 8.O-O Bd6
9.e4 dxc4 10.Bxc4 b5 11.Be2 e5 12.dxe5 Nxe5 13.Nxe5 Bxe5 14.f4 Bd4+ 15.Kh1 b4
16.e5 bxc3 17.bxc3 Bc5 18.exf6 Qxf6 19.Bd3 Rd8 20.Bb2 h5 21.Rae1+ Kf8 22.Re5 Bd6
23.c4 Bxe5 24.fxe5 Qe7 25.Bg6 Rh6 26.Bxf7 Qxf7 27.Ba3+ c5 28.Bxc5+ Kg8 29.Rxf7 Kxf7
30.Kg1 Rc6 31.Bd6  1-0

[Event "TCh-AUT 2 Ost 2011-12"]
[Site "Vienna AUT"]
[Date "2012.01.14"]
[Round "5"]
[White "Lovrinovic,C"]
[Black "Wilke,W"]
[Result "0-1"]
[WhiteElo "2191"]
[BlackElo "2194"]

1.d4 d5 2.c4 c6 3.Nf3 Nf6 4.Nc3 e6 5.e3 Nbd7 6.Qc2 Bd6 7.Bd3 dxc4 8.Bxc4 b5
9.Bd3 Bb7 10.e4 e5 11.dxe5 Nxe5 12.Nxe5 Bxe5 13.Bg5 h6 14.Bh4 O-O 15.O-O-O Qa5
16.Kb1 c5 17.f4 Bxc3 18.bxc3 c4 19.Bxf6 cxd3 20.Rxd3 Bxe4 21.Bd4 b4 22.Re1 Bxd3
23.Qxd3 bxc3 24.Bxc3 Qb6+ 25.Ka1 Rfe8 26.Rb1 Qe3 27.Qxe3 Rxe3 28.Bd4 Re4
29.Be5 Rc8 30.g3 Rc2 31.h4 f6 32.Rb8+ Kh7 33.Kb1 Rg2 34.Bc3 Rxg3 35.Bb2 Rxf4
36.Rb7 Rg2 37.Bc1 Rxh4 38.Rxa7 Rb4+ 39.Ka1 Rg1 40.Rc7 h5 41.a3 Re4 42.Kb2 h4
43.Rc5 Kg6  0-1

[Event "50th TCh-DEN XtraCon 2011-12"]
[Site "Denmark DEN"]
[Date "2012.01.15"]
[Round "5.5"]
[White "Borbjerggaard,L"]
[Black "Rendboe,J"]
[Result "1-0"]
[WhiteElo "2339"]
[BlackElo "2242"]

1.d4 Nf6 2.Nf3 d5 3.c4 e6 4.e3 c6 5.Nc3 Nbd7 6.Qc2 Bd6 7.Bd2 O-O 8.e4 dxe4
9.Nxe4 Nxe4 10.Qxe4 e5 11.dxe5 Nxe5 12.O-O-O f5 13.Qe3 Nxf3 14.Qxf3 Qf6 15.Bc3 Be5
16.Bxe5 Qxe5 17.Bd3 Re8 18.Rd2 Qa5 19.Qh5 Be6 20.g4 Qxa2 21.gxf5 Qa1+ 22.Bb1 Qa5
23.Rg1 Rad8 24.Rxd8 Rxd8 25.Qg5  1-0

[Event "5th Gora Swietej Anny"]
[Site "Gora Swietej Anny POL"]
[Date "2012.01.15"]
[Round "5.8"]
[White "Kuciel,W"]
[Black "Gruca,Z"]
[Result "1-0"]
[WhiteElo "2030"]
[BlackElo "1924"]

1.d4 d5 2.Nf3 Nf6 3.c4 e6 4.e3 c6 5.Nc3 Nbd7 6.Qc2 Bd6 7.g4 Bb4 8.Bd2 a6
9.g5 Bxc3 10.Bxc3 Ne4 11.Bd3 f5 12.gxf6 Ndxf6 13.Rg1 g6 14.Ne5 Bd7 15.f3 Nxc3
16.Bxg6+ hxg6 17.Qxg6+ Ke7 18.Qg7+ Kd6 19.Nf7+ Kc7 20.Nxd8 Raxd8 21.Qxf6 Na4
22.Qe5+ Kc8 23.b3 Nb2 24.Kd2 dxc4 25.Kc3 Nd3 26.Qg3 b5 27.bxc4 bxc4 28.Rab1 e5
29.Kxc4 Bf5 30.Rb6 Rh3 31.Qg7 Rd7 32.Qf8+  1-0

[Event "TCh-SVK Extraliga 2011-12"]
[Site "Slovakia SVK"]
[Date "2012.01.15"]
[Round "6"]
[White "Lipka,J"]
[Black "Federic,J"]
[Result "1/2-1/2"]
[WhiteElo "2443"]
[BlackElo "2270"]

1.Nf3 d5 2.d4 Nf6 3.c4 c6 4.Nc3 e6 5.e3 Nbd7 6.Bd3 Be7 7.O-O O-O 8.b3 b6
9.Bb2 Bb7 10.Rc1 Re8 11.Re1 c5 12.cxd5 exd5 13.Bf5 Nf8 14.dxc5 Bxc5 15.Na4 Bd6
16.Nc3 Ne6 17.Nb5 Bb4 18.Bc3 Bxc3 19.Nxc3 Re7 20.Nd4 Nc5 21.b4 Ncd7 22.Bxd7 Qxd7
23.b5 Ne4 24.Nxe4 dxe4 25.Rc3 Re5 26.Qc2 Rg5 27.Nc6 Rxb5 28.Rd1 Qe8 29.Nd4 Rd5
30.Rc1 Rad8 31.h3 h6 32.Rc7 R5d7 33.Qa4 Rxc7 34.Qxe8+ Rxe8 35.Rxc7 Rb8 36.Nf5 a6
37.Kh2 b5 38.Kg3 Kf8 39.Kf4 b4 40.Ke5 Re8+ 41.Kf4 Bd5 42.Nd6 Rd8 43.Nc4 Ke8
44.g4 a5 45.Nxa5 Ra8 46.Rc5 Bxa2 47.Rb5 Be6 48.Nc6 b3 49.Nd4 Ra2 50.Nxe6 fxe6
51.Rxb3 Rxf2+ 52.Kxe4 Kf7  1/2-1/2

[Event "TCh-SVK Extraliga 2011-12"]
[Site "Slovakia SVK"]
[Date "2012.01.15"]
[Round "6"]
[White "Stric,D"]
[Black "Sedlacek,Pa"]
[Result "0-1"]
[WhiteElo "2066"]
[BlackElo "2233"]

1.c4 c6 2.Nc3 d5 3.e3 Nf6 4.d4 e6 5.Nf3 Nbd7 6.b3 a6 7.g3 Bb4 8.Bd2 Qe7 9.Bg2 O-O
10.O-O b6 11.Ne1 Bb7 12.Nd3 Bd6 13.f4 c5 14.Ne5 Ne4 15.Nxd7 Qxd7 16.Nxe4 dxe4
17.Bc3 Rad8 18.Qe2 f5 19.Rad1 Qc7 20.Kh1 Qe7 21.Rg1 cxd4 22.exd4 Qf7 23.Rd2 Rd7
24.b4 Rfd8 25.Rgd1 Be7 26.a4 Bc6 27.Ra1 Rc8 28.c5 bxc5 29.dxc5 Rxd2 30.Bxd2 Bf6
31.Ra2 Qb7 32.Be1 Bd5 33.Ra3 a5 34.b5 Rxc5 35.Bxa5 Rc1+ 36.Bf1 Bc4 37.Qxc4 Rxc4
38.Bxc4 Qc8 39.Bxe6+ Qxe6 40.b6 Qc6 41.Re3 Bd4 42.Bd2 Bxe3 43.Bxe3 Qxa4  0-1

[Event "78th ch-BLR 2012"]
[Site "Minsk BLR"]
[Date "2012.01.16"]
[Round "5.1"]
[White "Kovalev,Vl"]
[Black "Teterev,V"]
[Result "1-0"]
[WhiteElo "2453"]
[BlackElo "2538"]

1.d4 d5 2.c4 e6 3.Nf3 c6 4.Nc3 Nf6 5.e3 Nbd7 6.Bd3 Bd6 7.O-O dxc4 8.Bxc4 b5
9.Bd3 Bb7 10.Bd2 a6 11.b4 Bxb4 12.Nxb5 Be7 13.Nc3 c5 14.Rb1 Qc7 15.Qe2 O-O
16.Rfc1 Bxf3 17.Qxf3 Qd6 18.Ne4 Nxe4 19.Qxe4 f5 20.Qf4 e5 21.Bc4+ Kh8 22.dxe5 Nxe5
23.Bc3 Nxc4 24.Qxc4 Rad8 25.g3 Qc6 26.Rd1 h5 27.Rxd8 Bxd8 28.Rb8 f4 29.exf4 Qd6
30.Be5 Qc6 31.h4 Kh7 32.Qd3+  1-0

[Event "72nd ch-ARM"]
[Site "Yerevan ARM"]
[Date "2012.01.16"]
[Round "6"]
[White "Melkumyan,H"]
[Black "Pashikian,A"]
[Result "1/2-1/2"]
[WhiteElo "2620"]
[BlackElo "2608"]

1.d4 d5 2.c4 c6 3.Nc3 Nf6 4.e3 e6 5.Nf3 Nbd7 6.Qc2 Bd6 7.Bd3 O-O 8.O-O dxc4
9.Bxc4 b5 10.Bd3 Bb7 11.e4 e5 12.dxe5 Nxe5 13.Nxe5 Bxe5 14.h3 Qe7 15.Be3 c5
16.Nd5 Nxd5 17.exd5 Bxd5 18.Bxc5 Qh4 19.f4 Bxf4 20.Bxf8 Rxf8 21.Rad1 Be3+
22.Kh2 Bf4+ 23.Kg1 Be3+ 24.Kh2 Bf4+ 25.Kg1 Be3+ 26.Kh2  1/2-1/2

[Event "12th ch-CRO"]
[Site "Opatija CRO"]
[Date "2012.01.17"]
[Round "1.5"]
[White "Kozul,Z"]
[Black "Bosiocic,Mari"]
[Result "0-1"]
[WhiteElo "2601"]
[BlackElo "2580"]

1.d4 d5 2.c4 c6 3.e3 Nf6 4.Nc3 e6 5.Nf3 Nbd7 6.Bd3 dxc4 7.Bxc4 b5 8.Bd3 Bd6
9.b3 O-O 10.Bb2 Bb7 11.O-O a6 12.a4 b4 13.Ne4 Nxe4 14.Bxe4 f5 15.Bd3 Qf6
16.Qe2 Qh6 17.a5 c5 18.Rfc1 cxd4 19.exd4 Rf6 20.Ne5 Nxe5 21.dxe5 Rg6 22.f3 Bb8
23.Kh1 Ba7 24.Rc4 Bd5 25.Bc1 Qh5 26.Rxb4 Bxf3  0-1